[Event "USA tt"]
[Site "ICC INT"]
[Date "2015.10.20"]
[Round "9"]
[White "Baker, Bruce"]
[Black "Golub, David"]
[Result "0-1"]
[WhiteElo "2096"]
[BlackElo "2183"]
[PlyCount "118"]
[EventDate "2015.08.25"]
[EventType "team-swiss"]
[EventRounds "10"]
[EventCountry "USA"]
[SourceTitle "EXT 2017"]
[Source "ChessBase"]
[SourceDate "2016.10.25"]
[SourceVersion "1"]
[SourceVersionDate "2016.10.25"]
[SourceQuality "1"]
[WhiteTeam "San Diego"]
[BlackTeam "Seattle"]
[WhiteTeamCountry "USA"]
[BlackTeamCountry "USA"]

1. e4 c5 2. Nc3 a6 3. Nf3 d6 4. d4 cxd4 5. Nxd4 Nf6 6. Bc4 e6 7. Bb3 b5 8. 0-0 b4 9. Na4 Bd7 10. c3 Nc6 11. Re1 Be7 12. f4 0-0 13. e5 Nd5 14. c4 Nxd4 15. Qxd4 dxe5 16. Qxe5 Bxa4 17. Bxa4 Nb6 18. Bc2 g6 19. Rd1 Qc8 20. b3 Qc5+ 21. Be3 Qxe5 22. fxe5 Rab8 23. Be4 Rfc8 24. Kf2 Rc7 25. Rac1 Nd7 26. Bd4 Bg5 27. Rc2 Bf4 28. Re1 Bxe5 29. Bxe5 Nxe5 30. Ke3 f5 31. Bf3 Kf7 32. Rd2 Ke7 33. Red1 Rd7 34. Rxd7+ Nxd7 35. Kf4 h6 36. Bc6 e5+ 37. Ke3 Nf6 38. h3 Rb6 39. Bf3 Rd6 40. Rc1 f4+ 41. Ke2 e4 42. Bg4 e3 43. Rc2 h5 44. Bf3 Kd7 45. h4 Rd4 46. g3 fxg3 47. Kxe3 Rxh4 48. Rg2 g5 49. Rxg3 g4 50. Bb7 a5 51. Kf4 Rh2 52. Kg5 Kc7 53. Rg2 Rh3 54. Ba8 Nd7 55. Be4 Ne5 56. Bf5 Nf3+ 57. Kf4 Nh4 58. Rf2 Nxf5 59. Kxf5 Rf3+ 0-1

[Event "USA tt"]
[Site "ICC INT"]
[Date "2015.10.13"]
[Round "8"]
[White "Sanchez, Roberto Daniel"]
[Black "Baker, Bruce"]
[Result "1/2-1/2"]
[WhiteElo "1883"]
[BlackElo "2096"]
[PlyCount "71"]
[EventDate "2015.08.25"]
[EventType "team-swiss"]
[EventRounds "10"]
[EventCountry "USA"]
[SourceTitle "EXT 2017"]
[Source "ChessBase"]
[SourceDate "2016.10.25"]
[SourceVersion "1"]
[SourceVersionDate "2016.10.25"]
[SourceQuality "1"]
[WhiteTeam "Dallas"]
[BlackTeam "San Diego"]
[WhiteTeamCountry "USA"]
[BlackTeamCountry "USA"]

1. e4 c5 2. Nf3 Nc6 3. d4 cxd4 4. Nxd4 Nf6 5. Nc3 d6 6. Bc4 e6 7. 0-0 Be7 8. Be3 0-0 9. f4 d5 10. exd5 exd5 11. Be2 Re8 12. Nb3 Bb4 13. Bd2 Bf5 14. Bf3 a6 15. a3 Bf8 16. Be1 d4 17. Na4 Nd5 18. Bxd5 Qxd5 19. Nb6 Qe4 20. Nxa8 Rxa8 21. Rc1 Rd8 22. Bd2 Qd5 23. Re1 Be4 24. Qe2 Bxc2 25. Na1 Bf5 26. Qf3 Qd7 27. Nb3 d3 28. Nc5 Bxc5+ 29. Rxc5 Nd4 30. Qd5 Ne2+ 31. Rxe2 dxe2 32. Qxd7 Bxd7 33. Rd5 f6 34. Kf2 Kf7 35. Ba5 e1Q+ 36. Bxe1 1/2-1/2

[Event "World op 19th"]
[Site "Philadelphia"]
[Date "1991.??.??"]
[Round "3"]
[White "Baker, Bruce"]
[Black "Goldin, Alexander"]
[Result "0-1"]
[WhiteElo "2250"]
[BlackElo "2570"]
[PlyCount "76"]
[EventDate "1991.07.??"]
[EventType "swiss"]
[EventRounds "9"]
[EventCountry "USA"]
[SourceTitle "EXT 2000"]
[Source "ChessBase"]
[SourceDate "1999.11.16"]
[SourceVersion "1"]
[SourceVersionDate "1999.11.16"]
[SourceQuality "1"]

1. e4 c5 2. Nf3 Nc6 3. Bb5 g6 4. 0-0 Bg7 5. Re1 e5 6. c3 Nge7 7. d4 cxd4 8. cxd4 exd4 9. e5 0-0 10. Bf4 a6 11. Bc4 d5 12. exd6 Nf5 13. Bd5 Nxd6 14. Bxc6 bxc6 15. Nxd4 Nc4 16. Be3 Nxe3 17. fxe3 c5 18. Qf3 Bd7 19. Nb3 Bxb2 20. N1d2 Bxa1 21. Rxa1 Bf5 22. Nc4 Qe7 23. Re1 Rad8 24. e4 Be6 25. Qc3 Rfe8 26. Nba5 Bxc4 27. Nxc4 Qd7 28. e5 Qd4+ 29. Qxd4 Rxd4 30. Rc1 f6 31. exf6 Kf7 32. Nb6 Kxf6 33. Rxc5 Rd2 34. Nd5+ Ke5 35. Nc7+ Kd6 36. Rc1 Ree2 37. Nxa6 Rxg2+ 38. Kh1 Rxh2+ 0-1